000
00226 a2200097 4500
001
1280
100
_a
Ambrosins,E.E.
245
_a
Mechanical engineering laboratory practice
260
_a
_b
Ronald Press
_c
090
_c
839
_d
839
942
_a
NUST-CAE
_c
M
_c
35144
999
_c
236353
_d
236353